<?xml version="1.0" encoding="UTF-8"?><marc:collection xmlns:marc="http://www.loc.gov/MARC21/slim">
  <marc:record>
    <marc:leader>00000nam##2200000za#4500</marc:leader>
    <marc:controlfield tag="001">9.680521</marc:controlfield>
    <marc:controlfield tag="003">CaOODSP</marc:controlfield>
    <marc:controlfield tag="005">20200330064148</marc:controlfield>
    <marc:controlfield tag="007">ta</marc:controlfield>
    <marc:controlfield tag="008">150407|1998||||xxc|||||     f|0| 0 fre|d</marc:controlfield>
    <marc:datafield tag="020" ind1=" " ind2=" ">
      <marc:subfield code="a">0-662-83113-6</marc:subfield>
    </marc:datafield>
    <marc:datafield tag="040" ind1=" " ind2=" ">
      <marc:subfield code="a">CaOODSP</marc:subfield>
      <marc:subfield code="b">fre</marc:subfield>
    </marc:datafield>
    <marc:datafield tag="043" ind1=" " ind2=" ">
      <marc:subfield code="a">n-cn---</marc:subfield>
    </marc:datafield>
    <marc:datafield tag="086" ind1="1" ind2=" ">
      <marc:subfield code="a">H68-45/1998F</marc:subfield>
    </marc:datafield>
    <marc:datafield tag="110" ind1="1" ind2=" ">
      <marc:subfield code="a">Canada.</marc:subfield>
      <marc:subfield code="b">Santé Canada. </marc:subfield>
      <marc:subfield code="b">Consei national du bien-être social.</marc:subfield>
    </marc:datafield>
    <marc:datafield tag="245" ind1="1" ind2="0">
      <marc:subfield code="a">Les services bancaires et les pauvres: parler ça ne coûte pas cher : </marc:subfield>
      <marc:subfield code="b">rapport du Conseil national du bien-être social </marc:subfield>
    </marc:datafield>
    <marc:datafield tag="260" ind1=" " ind2=" ">
      <marc:subfield code="a">Ottawa - Ontario : </marc:subfield>
      <marc:subfield code="b">Santé Canada. </marc:subfield>
      <marc:subfield code="c">1998.</marc:subfield>
    </marc:datafield>
    <marc:datafield tag="300" ind1=" " ind2=" ">
      <marc:subfield code="a">69p. : </marc:subfield>
      <marc:subfield code="b">tableaux ; </marc:subfield>
      <marc:subfield code="c">28 cm.</marc:subfield>
    </marc:datafield>
    <marc:datafield tag="500" ind1=" " ind2=" ">
      <marc:subfield code="a">«Le présent rapport porte principalement sur les services assurés par les banques à charte, qui comprennent les établissements financiers les plus importants du Canada et qui sont régies par le gouvernement fédéral. Cependant, un grand nombre des recommandations s'appliquent tout aussi bien aux autres types d'établissements financiers, particulièrement les caisses populaires et les sociétés de fiducie. [...] L'annexe présente une étude de cas portant sur la banque Four Corners Community Savings à Vancouver. Il s'agit d'une version abrégée d'une étude commandée par le Conseil national du bien-être social et réalisée par le Social Planning and Research Council de la Colombie-Britannique. L'étude de cas rappelle les préoccupations soulevées dans l'anecdote dont nous faisons état au début de présent rapport, et montre combien il est difficile d'obliger les établissements financiers traditionnels à assurer un bon service dans toutes les régions du Canada.»--Page 3.</marc:subfield>
    </marc:datafield>
    <marc:datafield tag="520" ind1="3" ind2=" ">
      <marc:subfield code="a">Le présent rapport porte principalement sur les services assurés par les banques à charte, qui comprennent les établissements financiers les plus importants du Canada et qui sont régies par le gouvernement fédéral. Cependant, un grand nombre des recommandations s'appliquent tout aussi bien aux autres types d'établissements financiers, particulièrement les caisses populaires et les sociétés de fiducie. [...] L'annexe présente une étude de cas portant sur la banque Four Corners Community Savings à Vancouver. Il s'agit d'une version abrégée d'une étude commandée par le Conseil national du bien-être social et réalisée par le Social Planning and Research Council de la Colombie-Britannique. L'étude de cas rappelle les préoccupations soulevées dans l'anecdote dont nous faisons état au début de présent rapport, et montre combien il est difficile d'obliger les établissements financiers traditionnels à assurer un bon service dans toutes les régions du Canada.--Page 3</marc:subfield>
    </marc:datafield>
    <marc:datafield tag="563" ind1=" " ind2=" ">
      <marc:subfield code="a">Couverture souple</marc:subfield>
    </marc:datafield>
    <marc:datafield tag="590" ind1=" " ind2=" ">
      <marc:subfield code="a">98-35</marc:subfield>
      <marc:subfield code="b">1998-08-28</marc:subfield>
    </marc:datafield>
    <marc:datafield tag="691" ind1="0" ind2="7">
      <marc:subfield code="a">Personne défavorisée</marc:subfield>
      <marc:subfield code="2">gcpds</marc:subfield>
    </marc:datafield>
    <marc:datafield tag="691" ind1="0" ind2="7">
      <marc:subfield code="a">Opération bancaire</marc:subfield>
      <marc:subfield code="2">gcpds</marc:subfield>
    </marc:datafield>
    <marc:datafield tag="775" ind1="0" ind2="8">
      <marc:subfield code="t">Banking and poor people: talk is cheap : </marc:subfield>
      <marc:subfield code="w">(CaOODSP)9.647045</marc:subfield>
    </marc:datafield>
    <marc:datafield tag="776" ind1="0" ind2="#">
      <marc:subfield code="t">Les services bancaires et les pauvres : </marc:subfield>
      <marc:subfield code="w">(CaOODSP)9.640704</marc:subfield>
    </marc:datafield>
  </marc:record>
</marc:collection>
